Normal view
MARC view
- Spence, Willium P.
Entry Personal Name
001 - CONTROL NUMBER
- control field: 25574
003 - CONTROL NUMBER IDENTIFIER
- control field: NUST
005 - DATE AND TIME OF LATEST TRANSACTION
- control field: 20191112163550.0
008 - FIXED-LENGTH DATA ELEMENTS
- fixed length control field: 191112|| aca||aabn | a|a d
040 ## - CATALOGING SOURCE
- Original cataloging agency: NUST
- Transcribing agency: NUST
100 ## - HEADING--PERSONAL NAME
- Personal name: Spence, Willium P.
670 ## - SOURCE DATA FOUND
- Source citation: Work cat.: (NUST): Spence, Willium P., Construction Material, methods, and .../, 2010
